| 000 | 00860cam a22002415a 4500 | ||
|---|---|---|---|
| 001 | L159406 | ||
| 008 | 170320s2012 xxk f 001 0 eng d | ||
| 020 | _a9780727757265 | ||
| 035 | _a(Sirsi) u159406 | ||
| 041 | 0 | _aeng | |
| 050 | 0 | 4 | _a692.8 |
| 100 | 1 | _aMitchell, Bronwyn | |
| 245 | 0 | 0 |
_aManaging reality _bbook 5 _bmanaging procedures |
| 250 | _a2 ed | ||
| 260 |
_aLondon _bICE Publishing _c2012 |
||
| 300 |
_axvii, 71p. _c30cm. |
||
| 520 | _aFifth of a five part volume on managing the ECC contract brings together all aspects discussed in previous volumes. It gives step by step guidance on how to apply the most commonly used procedures, detailing the actions need by all parties to comply with the contract. | ||
| 520 | _aSupersedes 1 ed | ||
| 651 | 4 |
_aUnited Kingdom _y |
|
| 690 |
_aContracts _96232 |
||
| 700 | 1 | _aTrebes, Barry | |
| 942 | _n0 | ||
| 999 |
_c115872 _d115872 |
||